Bước ra từ thầm lặng : Viết về Đại tá Tình báo Anh hùng Lực lượng Vũ trang Nhân dân Nguyễn Văn Tàu cùng đồng đội ở cụm tình báo chiến lược H63 đơn vị anh hùng lực lượng vũ trang nhân dân
Gồm nhiều bài viết kể về quá trình hoạt động tình báo, những khó khăn, nguy hiểm cũng như tình đồng chí, đồng đội, tình yêu quê hương đất nước của đại tá Nguyễn Văn Tàu và các điệp viên, tình báo trong Cụm Tình báo Chiến lược H63...
में बचाया:
| मुख्य लेखक: | |
|---|---|
| स्वरूप: | पुस्तक |
| भाषा: | Undetermined |
| प्रकाशित: |
Thành phố Hồ Chí Minh
Tổng hợp Thành phố Hồ Chí Minh
2014
|
| विषय: | |
| टैग : |
टैग जोड़ें
कोई टैग नहीं, इस रिकॉर्ड को टैग करने वाले पहले व्यक्ति बनें!
|
| Thư viện lưu trữ: | Trung tâm Học liệu Trường Đại học Cần Thơ |
|---|
| LEADER | 01333nam a2200229Ia 4500 | ||
|---|---|---|---|
| 001 | CTU_193469 | ||
| 008 | 210402s9999 xx 000 0 und d | ||
| 020 | |c 108000 | ||
| 082 | |a 327.12597 | ||
| 082 | |b T111 | ||
| 100 | |a Nguyễn, Văn Tàu | ||
| 245 | 0 | |a Bước ra từ thầm lặng : | |
| 245 | 0 | |b Viết về Đại tá Tình báo Anh hùng Lực lượng Vũ trang Nhân dân Nguyễn Văn Tàu cùng đồng đội ở cụm tình báo chiến lược H63 đơn vị anh hùng lực lượng vũ trang nhân dân | |
| 245 | 0 | |c Nguyễn Văn Tàu, Mã Thiện Đồng | |
| 260 | |a Thành phố Hồ Chí Minh | ||
| 260 | |b Tổng hợp Thành phố Hồ Chí Minh | ||
| 260 | |c 2014 | ||
| 520 | |a Gồm nhiều bài viết kể về quá trình hoạt động tình báo, những khó khăn, nguy hiểm cũng như tình đồng chí, đồng đội, tình yêu quê hương đất nước của đại tá Nguyễn Văn Tàu và các điệp viên, tình báo trong Cụm Tình báo Chiến lược H63 | ||
| 650 | |a Espionage,Hoạt động tình báo | ||
| 650 | |z Vietnam,Việt Nam | ||
| 910 | |a Hải | ||
| 980 | |a Trung tâm Học liệu Trường Đại học Cần Thơ | ||